000 004280000a22001810004500
003 MACL
005 20151202140022.0
008 151202b xxu||||| |||| 00| 0 eng d
040 _aMACL
_cMACL
041 _aEnglish
082 _a741.642
100 _aAra, Jamal
_919062
245 _aWatching Birds
260 _bNatioal Book Trust
_c1970
350 _a1.50
650 _aChildren's Book
_919063
942 _cBK
_k741.642
_2ddc
999 _c7353
_d7353